000 00589 a2200205 4500
005 20240423114147.0
008 240423b |||||||| |||| 00| 0 eng d
020 _a9781639894192
_c$ 154.00
040 _aMAIN
082 _a660.602458
_bG357P
100 _aGibson, Ava
245 _aPlant biotechnology: The genetic manipulation of plants
260 _bStates Academic Press
_c2021
_aBrooklyn
300 _aviii, 233
650 _aPlant Biotechnology
650 _aPlant Genetic Engineering
650 _aAgricultural Biotechnology
650 _aTransgenic Plants
942 _cBK
999 _c312156
_d312156